|
|
|
|
| LEADER |
00854nam a22002292a 4500 |
| 001 |
001451523 |
| 003 |
CZ BrMZK |
| 005 |
20150804123759.0 |
| 007 |
ta |
| 008 |
150123s1953 gw er|||||||||||ger d |
| 040 |
|
|
|a BOA001
|b cze
|
| 100 |
1 |
|
|a Meier, Heinrich
|4 aut
|
| 245 |
1 |
4 |
|a Die Anfertigung naturgemässer und orthopädischer Fussbekleidung.
|n Bd. 3.,
|p Der Normalfuss und seine Verformungen.
|p Technik der Herstellung orthopädischer Schuhe /
|c von Heinrich Meier
|
| 246 |
3 |
0 |
|a Normalfuss und seine Verformungen
|
| 246 |
3 |
0 |
|a Technik der Herstellung orthopädischer Schuhe
|
| 250 |
|
|
|a 3. völlig neu bearb. Aufl.
|
| 260 |
|
|
|a Leipzig :
|b Fachbuchverlag,
|c 1953
|
| 300 |
|
|
|a 8, 212 s.
|
| 910 |
|
|
|a BOA001
|b 2-0321.816,3
|
| 990 |
|
|
|a BK
|
| 991 |
|
|
|b 201501
|
| 996 |
7 |
|
|b 2618805033
|c 2-0321.816,3
|l MZK
|r Sklad / do 24 hodin
|n 0
|w 001486454
|u 000010
|a 1
|e BOA001
|j MZK50
|s A
|